[Event "CRO Cup"]
[Site "Vodice"]
[Date "2022.05.20"]
[Round "4.6"]
[White "Tica, Sven"]
[Black "Cop, Tomislav"]
[Result "1-0"]
[WhiteElo "2438"]
[BlackElo "2304"]
[PlyCount "115"]
[EventDate "2022.05.18"]
[EventType "team-swiss"]
[EventRounds "6"]
[EventCountry "CRO"]
[SourceTitle "CBM 208 Extra"]
[Source "ChessBase"]
[SourceDate "2022.07.31"]
[SourceVersion "1"]
[SourceVersionDate "2022.07.31"]
[SourceQuality "1"]
[WhiteTeam "Zagreb Novi"]
[BlackTeam "Bjelovar"]
[WhiteTeamCountry "CRO"]
[BlackTeamCountry "CRO"]

1. Nf3 Nf6 2. d4 g6 3. Nbd2 c5 4. dxc5 Bg7 5. e3 Qa5 6. a3 Qxc5 7. b4 Qc7 8. Bb2 0-0 9. c4 b6 10. Be2 Bb7 11. 0-0 d6 12. Rc1 Nbd7 13. Nd4 Rac8 14. Bf3 a6 15. b5 Ne5 16. Bxb7 Qxb7 17. Qe2 axb5 18. cxb5 Ne4 19. Nxe4 Qxe4 20. Rfd1 h5 21. f3 Qb7 22. f4 Ng4 23. h3 Rxc1 24. Rxc1 Nf6 25. Nc6 Ra8 26. e4 e6 27. Bd4 Ne8 28. Bxg7 Nxg7 29. Qb2 d5 30. exd5 exd5 31. Qf6 Re8 32. Rd1 Qd7 33. Ne5 Qe6 34. Qxe6 Nxe6 35. Nd7 Kg7 36. a4 Nxf4 37. Nxb6 d4 38. Kf1 Ne6 39. Nd5 Rd8 40. Nb4 Ra8 41. Ra1 Nc5 42. a5 Nb3 43. Ra3 Rxa5 44. Rxb3 Rxb5 45. Ke2 h4 46. Kd3 Rg5 47. Rb2 Rg3+ 48. Kxd4 g5 49. Nd5 Ra3 50. Ke4 Ra5 51. Rb6 Ra2 52. Ne3 Rf2 53. Nf5+ Kg8 54. Ke5 Rxg2 55. Kf6 g4 56. Rb8+ Kh7 57. Rb4 gxh3 58. Rxh4+ 1-0

[Event "HUN-chT2 Charousek 1819"]
[Site "Hungary"]
[Date "2019.01.27"]
[Round "6.2"]
[White "Cop, Tomislav"]
[Black "Farkas, Gabor"]
[Result "1/2-1/2"]
[WhiteElo "2357"]
[BlackElo "2363"]
[PlyCount "110"]
[EventDate "2018.09.23"]
[EventType "team-tourn"]
[EventRounds "11"]
[EventCountry "HUN"]
[SourceTitle "CBM 189 Extra"]
[Source "ChessBase"]
[SourceDate "2019.06.03"]
[SourceVersion "1"]
[SourceVersionDate "2019.06.03"]
[SourceQuality "1"]
[WhiteTeam "Tapolca Varosi"]
[BlackTeam "Haladas Szombathely II"]
[WhiteTeamCountry "HUN"]
[BlackTeamCountry "HUN"]

1. e4 e6 2. d4 d5 3. e5 c5 4. c3 Nc6 5. Nf3 Qb6 6. a3 Nh6 7. b4 cxd4 8. cxd4 Nf5 9. Be3 Nxe3 10. fxe3 Bd7 11. Bd3 f6 12. 0-0 Be7 13. Nc3 f5 14. Qb3 Rc8 15. Rac1 Na5 16. Qa2 Nc4 17. Bxc4 Rxc4 18. Nd2 Rc7 19. Nb3 0-0 20. Nc5 Bxc5 21. dxc5 Qa6 22. a4 Qd3 23. Qe2 Qxe2 24. Nxe2 Bxa4 25. Nd4 Bd7 26. Rc3 a6 27. g3 Kf7 28. Ra1 Ke7 29. Kg2 g5 30. h4 gxh4 31. Rh1 hxg3 32. Rxh7+ Rf7 33. Rxf7+ Kxf7 34. Rc1 Rc8 35. Kxg3 Rg8+ 36. Kf3 Rh8 37. Kg3 Ke7 38. Rg1 Be8 39. Kg2 Rg8+ 40. Kf2 Rh8 41. Kg3 Bd7 42. Re1 Bb5 43. Rg1 Bc4 44. Rd1 Kd7 45. Rg1 Ke7 46. Rd1 Kd7 47. Rg1 Ke7 48. Rd1 Kf7 49. Rd2 Rg8+ 50. Kf3 Rg7 51. Rh2 Bb5 52. Rh8 Be8 53. Kf2 Ke7 54. Rh6 Bf7 55. Rh8 Be8 1/2-1/2

[Event "Bjelovar op"]
[Site "Bjelovar"]
[Date "2018.08.04"]
[Round "6"]
[White "Kovacevic, Veljko"]
[Black "Cop, Tomislav"]
[Result "0-1"]
[WhiteElo "2178"]
[BlackElo "2340"]
[PlyCount "82"]
[EventDate "2018.08.02"]
[EventType "swiss"]
[EventRounds "7"]
[EventCountry "CRO"]
[SourceTitle "CBM 185 Extra"]
[Source "ChessBase"]
[SourceDate "2018.07.29"]
[SourceVersion "1"]
[SourceVersionDate "2018.07.29"]
[SourceQuality "1"]

1. c4 g6 2. Nc3 Bg7 3. g3 Nf6 4. Bg2 0-0 5. Nf3 d6 6. 0-0 e5 7. d3 Nc6 8. e4 Nd7 9. Bg5 f6 10. Be3 Nc5 11. d4 exd4 12. Nxd4 Ne5 13. b3 Bd7 14. h3 a5 15. f4 Nf7 16. Qd2 c6 17. Rad1 Re8 18. Nde2 Re7 19. g4 Qe8 20. Ng3 Rd8 21. Bd4 Ne6 22. Bb6 Ra8 23. Be3 Nc5 24. Rfe1 Qc8 25. f5 b6 26. Rf1 Qc7 27. g5 gxf5 28. exf5 Rae8 29. Bf4 fxg5 30. f6 gxf4 31. Nh5 Re3 32. Nxg7 R8e5 33. Rxf4 d5 34. cxd5 Nd3 35. Re4 R5xe4 36. Nxe4 Qf4 37. Ne6 Qh6 38. Kh2 cxd5 39. N4g5 d4 40. Nxf7 Kxf7 41. Nxd4 Bxh3 0-1

[Event "Bjelovar op"]
[Site "Bjelovar"]
[Date "2018.08.02"]
[Round "2"]
[White "Ivanek, Davor"]
[Black "Cop, Tomislav"]
[Result "0-1"]
[WhiteElo "1801"]
[BlackElo "2340"]
[PlyCount "108"]
[EventDate "2018.08.02"]
[EventType "swiss"]
[EventRounds "7"]
[EventCountry "CRO"]
[SourceTitle "CBM 185 Extra"]
[Source "ChessBase"]
[SourceDate "2018.07.29"]
[SourceVersion "1"]
[SourceVersionDate "2018.07.29"]
[SourceQuality "1"]

1. e4 c6 2. d4 d5 3. exd5 cxd5 4. Nf3 Nc6 5. a3 Bg4 6. Be2 e6 7. 0-0 Bd6 8. Be3 Nge7 9. h3 Bh5 10. Qd2 Qc7 11. Nc3 a6 12. b4 0-0 13. Rfb1 Rfc8 14. Nd1 Nb8 15. c3 Nd7 16. Ne1 Bxe2 17. Qxe2 Nb6 18. a4 Nf5 19. a5 Nc4 20. Nd3 Ncxe3 21. fxe3 Bh2+ 22. Kf2 Qg3+ 23. Kf1 Rxc3 24. Rc1 Qg6 25. Rxc3 Ng3+ 26. Ke1 Nxe2 27. Kxe2 Qxg2+ 28. N1f2 h5 29. Ne1 Qg3 30. Nf3 Qd6 31. Nd3 Bg3 32. Rac1 f6 33. h4 Qd7 34. Nc5 Qe8 35. Nd3 Bd6 36. Nc5 Rc8 37. Kf2 Qg6 38. Rg1 Qf5 39. Ke2 Rc7 40. Rcc1 Bxc5 41. bxc5 Rf7 42. Rc3 e5 43. Rcc1 e4 44. Nd2 Qh3 45. Rcf1 Qxh4 46. Rf2 f5 47. Nf1 f4 48. Rh2 Qf6 49. Rf2 f3+ 50. Kd1 Qd8 51. Ra2 Qd7 52. Rg5 Qb5 53. Rf2 Qb1+ 54. Kd2 Qb2+ 0-1

[Event "Bjelovar op"]
[Site "Bjelovar"]
[Date "2017.08.04"]
[Round "4"]
[White "Srbis, Jurica"]
[Black "Cop, Tomislav"]
[Result "0-1"]
[WhiteElo "2417"]
[BlackElo "2310"]
[PlyCount "116"]
[EventDate "2017.08.03"]
[EventType "swiss"]
[EventRounds "7"]
[EventCountry "CRO"]
[SourceTitle "CBM 180 Extra"]
[Source "ChessBase"]
[SourceDate "2017.10.06"]
[SourceVersion "1"]
[SourceVersionDate "2017.10.06"]
[SourceQuality "1"]

1. e4 c6 2. Nc3 d5 3. Nf3 Bg4 4. h3 Bh5 5. exd5 cxd5 6. Bb5+ Nc6 7. g4 Bg6 8. Ne5 Rc8 9. d4 e6 10. Qe2 Bb4 11. Bxc6+ bxc6 12. h4 Ne7 13. h5 Be4 14. 0-0 Bxc3 15. bxc3 Qa5 16. Bd2 h6 17. Rfb1 0-0 18. Rb7 Rfe8 19. Re1 c5 20. f3 cxd4 21. cxd4 Qxa2 22. c3 f6 23. Ng6 Nxg6 24. hxg6 Bxf3 25. Rxg7+ Kxg7 26. Bxh6+ Kxh6 27. Qxa2 Kxg6 28. Qxa7 Rxc3 29. Qd7 Rh8 30. Qxe6 Rh1+ 31. Kf2 Rh2+ 32. Kg3 Rg2+ 33. Kf4 Rxg4+ 34. Qxg4+ Bxg4 35. Kxg4 Rd3 36. Re8 Rxd4+ 37. Kf3 Kf5 38. Rd8 Rd3+ 39. Ke2 Rd4 40. Kf3 Ke6 41. Ke3 Re4+ 42. Kd3 f5 43. Re8+ Kf6 44. Rf8+ Ke5 45. Re8+ Kf4 46. Rd8 Re5 47. Kd4 Re1 48. Kd3 Kf3 49. Kd2 Re5 50. Rf8 f4 51. Rf7 Kg3 52. Rg7+ Kf2 53. Rf7 f3 54. Rf8 Rg5 55. Rf7 Rg8 56. Kd1 Kg2 57. Ke1 Re8+ 58. Kd2 Re4 0-1

[Event "Bjelovar op"]
[Site "Bjelovar"]
[Date "2017.08.03"]
[Round "1"]
[White "Kovac, Mihael"]
[Black "Cop, Tomislav"]
[Result "0-1"]
[WhiteElo "1708"]
[BlackElo "2310"]
[PlyCount "67"]
[EventDate "2017.08.03"]
[EventType "swiss"]
[EventRounds "7"]
[EventCountry "CRO"]
[SourceTitle "CBM 180 Extra"]
[Source "ChessBase"]
[SourceDate "2017.10.06"]
[SourceVersion "1"]
[SourceVersionDate "2017.10.06"]
[SourceQuality "1"]

1. e4 c6 2. d4 d5 3. Nd2 dxe4 4. Nxe4 Nf6 5. Nxf6+ gxf6 6. Nf3 Bf5 7. Bc4 e6 8. Bf4 Bd6 9. Qd2 Bxf4 10. Qxf4 Bxc2 11. 0-0 Nd7 12. Rfe1 0-0 13. Rac1 Bg6 14. Nh4 Kg7 15. Rc3 Qb8 16. Qd2 Nb6 17. Bb3 Nd5 18. Nxg6 hxg6 19. Bxd5 cxd5 20. Rec1 Qd6 21. Rc7 Rab8 22. Qa5 a6 23. Qc5 Rfd8 24. g3 e5 25. Kf1 Rd7 26. Ke2 Qe6 27. Rxd7 Qxd7 28. Qc7 Qb5+ 29. Kf3 Re8 30. Rc5 Qf1 31. Qd7 e4+ 32. Kg4 Rh8 33. h4 e3 34. fxe3 0-1

[Event "CRO-chT2 Center 25th"]
[Site "Croatia"]
[Date "2016.04.10"]
[Round "4.62"]
[White "Krstic, Uros"]
[Black "Cop, Tomislav"]
[Result "0-1"]
[WhiteElo "2429"]
[BlackElo "2253"]
[PlyCount "70"]
[EventDate "2016.03.13"]
[EventType "team-tourn"]
[EventRounds "11"]
[EventCountry "CRO"]
[SourceTitle "EXT 2019"]
[Source "ChessBase"]
[SourceDate "2018.10.10"]
[SourceVersion "1"]
[SourceVersionDate "2018.10.10"]
[SourceQuality "1"]

1. e4 c6 2. d4 d5 3. Nd2 dxe4 4. Nxe4 Nf6 5. Ng3 h5 6. Bc4 h4 7. N3e2 Bf5 8. Bb3 Nbd7 9. Nf3 e6 10. h3 Be7 11. 0-0 Ne4 12. Re1 g5 13. Be3 Qc7 14. Nd2 0-0-0 15. Nxe4 Bxe4 16. f3 Bf5 17. Qc1 Rdg8 18. c4 c5 19. Bc2 cxd4 20. Bxd4 Bc5 21. Kh1 Bxd4 22. Nxd4 Bxh3 23. gxh3 Qg3 24. Qd2 e5 25. Nf5 Qxh3+ 26. Kg1 g4 27. f4 Rd8 28. Rad1 Nc5 29. Qf2 Ne6 30. fxe5 Ng5 31. Rxd8+ Rxd8 32. Be4 Nxe4 33. Rxe4 g3 34. Ne7+ Kb8 35. Qe2 Rd1+ 0-1

[Event "CRO-chT2 Center"]
[Site "Croatia"]
[Date "2015.09.13"]
[Round "8.33"]
[White "Makovec, Bruno"]
[Black "Cop, Tomislav"]
[Result "1-0"]
[WhiteElo "2161"]
[BlackElo "2304"]
[PlyCount "97"]
[EventDate "2015.03.22"]
[EventType "team-tourn"]
[EventRounds "11"]
[EventCountry "CRO"]
[SourceTitle "EXT 2016"]
[Source "ChessBase"]
[SourceDate "2015.10.08"]
[SourceVersion "1"]
[SourceVersionDate "2015.10.08"]
[SourceQuality "1"]

1. d4 Nf6 2. c4 g6 3. Nf3 Bg7 4. Nc3 0-0 5. e4 d6 6. Be2 e5 7. 0-0 Nc6 8. d5 Ne7 9. b4 Nh5 10. Re1 a5 11. Ba3 Nf4 12. Bf1 axb4 13. Bxb4 Bg4 14. h3 Bxf3 15. Qxf3 c5 16. dxc6 Nxc6 17. a3 Ne6 18. Nb5 Nxb4 19. axb4 Qb6 20. Qc3 Rac8 21. Qa3 Ra8 22. Qxa8 Rxa8 23. Rxa8+ Bf8 24. Rd1 Nd4 25. c5 dxc5 26. bxc5 Qxc5 27. Nxd4 exd4 28. Rd8 Qb6 29. R1xd4 Kg7 30. R8d7 Bc5 31. Rd2 Qc6 32. R7d5 b6 33. Be2 Qa4 34. Bf3 Qa1+ 35. Rd1 Qb2 36. R5d2 Qc3 37. Rd3 Qf6 38. g3 h5 39. h4 Qb2 40. R1d2 Qc1+ 41. Kg2 b5 42. e5 b4 43. Bd5 Qe1 44. Rc2 Bb6 45. Rf3 Qxe5 46. Rxf7+ Kh6 47. Bb3 Qe4+ 48. Rf3 Qe5 49. Rc6 1-0

[Event "CRO-chT2 Center 23rd"]
[Site "Grubisno Polje"]
[Date "2014.09.14"]
[Round "9.12"]
[White "Cop, Tomislav"]
[Black "Buhin, Denis"]
[Result "0-1"]
[WhiteElo "2301"]
[BlackElo "1954"]
[PlyCount "89"]
[EventDate "2014.03.02"]
[EventType "team-match"]
[EventRounds "11"]
[EventCountry "CRO"]
[SourceTitle "EXT 2016"]
[Source "ChessBase"]
[SourceDate "2015.10.08"]
[SourceVersion "1"]
[SourceVersionDate "2015.10.08"]
[SourceQuality "1"]

1. e4 c5 2. Nf3 g6 3. d4 Bg7 4. dxc5 Qa5+ 5. c3 Qxc5 6. Na3 d6 7. Nb5 a6 8. Be3 Qc6 9. Nfd4 Qd7 10. Na3 e5 11. Nc4 Qc7 12. Nc2 Nd7 13. Nxd6+ Ke7 14. Nc4 b5 15. Nb4 Bb7 16. Nd5+ Bxd5 17. Qxd5 Ngf6 18. Bg5 bxc4 19. Bxc4 Rhf8 20. 0-0-0 h6 21. Bxf6+ Nxf6 22. Qd3 Rfd8 23. Qe2 a5 24. a4 Qc6 25. Bb3 Nxe4 26. Qf3 f5 27. g4 Qf6 28. Bd5 Rab8 29. gxf5 gxf5 30. Rhg1 Ng5 31. Qe3 Qb6 32. Qxb6 Rxb6 33. h4 Rbd6 34. c4 Ne6 35. Rg6 Bf8 36. Re1 e4 37. f3 Nf4 38. Rxd6 Rxd6 39. Bxe4 Re6 40. Kc2 fxe4 41. fxe4 Kf6 42. Rf1 Ke5 43. Kd2 Kxe4 44. Kc2 Bb4 45. Rd1 0-1

[Event "CRO-chT2 Center 23rd"]
[Site "Grubisno Polje"]
[Date "2014.03.16"]
[Round "3.1"]
[White "Martic, Josip"]
[Black "Cop, Tomislav"]
[Result "0-1"]
[WhiteElo "2020"]
[BlackElo "2301"]
[PlyCount "80"]
[EventDate "2014.03.02"]
[EventType "team-match"]
[EventRounds "11"]
[EventCountry "CRO"]
[SourceTitle "EXT 2016"]
[Source "ChessBase"]
[SourceDate "2015.10.08"]
[SourceVersion "1"]
[SourceVersionDate "2015.10.08"]
[SourceQuality "1"]

1. d4 Nf6 2. c4 g6 3. f3 Bg7 4. e4 d6 5. Be3 0-0 6. Qd2 c5 7. Ne2 Nc6 8. d5 Ne5 9. Nec3 e6 10. Be2 exd5 11. cxd5 a6 12. a4 Rb8 13. 0-0 Ne8 14. f4 Nd7 15. f5 Nef6 16. Bh6 Qe7 17. Bxg7 Kxg7 18. Qc2 Ne5 19. a5 Neg4 20. Bxg4 Nxg4 21. f6+ Nxf6 22. Nd2 Ng4 23. Rae1 Bd7 24. Qb3 Ne5 25. Nc4 b5 26. axb6 Nxc4 27. Qxc4 Rxb6 28. e5 dxe5 29. d6 Qxd6 30. Rd1 Qe6 31. Qxc5 Rxb2 32. Ne4 Bc6 33. Nf2 Bb5 34. Rfe1 Rc8 35. Qa3 Rcc2 36. Rd8 Rxf2 37. Qf8+ Kf6 38. Qh8+ Kf5 39. g4+ Kxg4 40. h3+ Kf5 0-1

[Event "CRO-chT2 Center 22nd"]
[Site "Sisak"]
[Date "2013.10.20"]
[Round "11.1"]
[White "Mihalinec, Damir"]
[Black "Cop, Tomislav"]
[Result "0-1"]
[WhiteElo "2251"]
[BlackElo "2301"]
[PlyCount "76"]
[EventDate "2013.04.14"]
[EventType "team-tourn"]
[EventRounds "11"]
[EventCountry "CRO"]
[SourceTitle "EXT 2016"]
[Source "ChessBase"]
[SourceDate "2015.10.08"]
[SourceVersion "1"]
[SourceVersionDate "2015.10.08"]
[SourceQuality "1"]

1. c4 g6 2. Nc3 Bg7 3. g3 Nf6 4. Bg2 0-0 5. Nf3 d6 6. 0-0 e5 7. Rb1 a5 8. a3 Nc6 9. d3 Nd4 10. b4 axb4 11. axb4 c6 12. b5 Bg4 13. bxc6 bxc6 14. Bg5 Bxf3 15. exf3 Ra3 16. Ne2 Ne6 17. Bc1 Ra6 18. f4 Nd7 19. fxe5 dxe5 20. Qc2 Ndc5 21. Rd1 f5 22. Be3 g5 23. f3 Qd6 24. Bh3 Ra3 25. Bxf5 Rxf5 26. d4 Qf8 27. Rb8 Qxb8 28. Qxf5 Rxe3 29. dxc5 Qe8 30. Rd6 Nf8 31. Kf2 Ra3 32. Qxg5 e4 33. fxe4 Qxe4 34. Qf4 Qh1 35. g4 Rh3 36. Ng3 Rxh2+ 37. Ke3 Qe1+ 38. Kd3 Rh3 0-1